[Event "NED-chT 1213"]
[Site "Netherlands"]
[Date "2013.04.06"]
[Round "8.4"]
[White "Miedema, David"]
[Black "Kodentsov, Grigori"]
[Result "1-0"]
[WhiteElo "2373"]
[BlackElo "2281"]
[PlyCount "87"]
[EventDate "2012.09.15"]
[EventType "team-tourn"]
[EventRounds "9"]
[EventCountry "NED"]
[SourceTitle "EXT 2014"]
[Source "ChessBase"]
[SourceDate "2013.11.20"]
[SourceVersion "1"]
[SourceVersionDate "2013.11.20"]
[SourceQuality "1"]
[WhiteTeam "Calder HMC"]
[BlackTeam "Groningen"]
[WhiteTeamCountry "NED"]
[BlackTeamCountry "NED"]

1. d4 Nf6 2. c4 g6 3. Nc3 Bg7 4. e4 d6 5. f3 0-0 6. Be3 Nc6 7. Nge2 a6 8. Qd2 Na5 9. Ng3 b5 10. cxb5 axb5 11. Bxb5 c6 12. Ba4 Nc4 13. Qc1 Nxe3 14. Qxe3 Qb6 15. Nge2 Ba6 16. Bb3 Nd7 17. 0-0 Ne5 18. Rfd1 Nc4 19. Bxc4 Bxc4 20. Rd2 Rfb8 21. Kf2 Qa5 22. Rc1 Qh5 23. b3 Ba6 24. Kg1 Bh6 25. f4 Bc8 26. e5 dxe5 27. dxe5 Be6 28. Nd4 c5 29. Nxe6 fxe6 30. Ne2 Rd8 31. Rxc5 g5 32. Nd4 gxf4 33. Qf3 Qg6 34. Rcc2 Kh8 35. b4 Rac8 36. Rxc8 Rxc8 37. Rd1 Rd8 38. b5 Bg5 39. b6 Qe8 40. Nxe6 Rxd1+ 41. Qxd1 f3 42. Nxg5 Qg6 43. Qd8+ Kg7 44. Qxe7+ 1-0

[Event "NED-chT 1213"]
[Site "Netherlands"]
[Date "2012.10.06"]
[Round "2.7"]
[White "In't Veld, Daan"]
[Black "Kodentsov, Grigori"]
[Result "1/2-1/2"]
[WhiteElo "2242"]
[BlackElo "2281"]
[PlyCount "229"]
[EventDate "2012.09.15"]
[EventType "team-tourn"]
[EventRounds "9"]
[EventCountry "NED"]
[SourceTitle "CBM 150 Extra"]
[Source "ChessBase"]
[SourceDate "2012.10.19"]
[SourceVersion "1"]
[SourceVersionDate "2012.10.19"]
[SourceQuality "1"]
[WhiteTeam "Kennemer Combinatie"]
[BlackTeam "Groningen"]
[WhiteTeamCountry "NED"]
[BlackTeamCountry "NED"]

1. e4 e5 2. Nf3 Nc6 3. d4 exd4 4. Nxd4 Nf6 5. Nxc6 bxc6 6. e5 Qe7 7. Qe2 Nd5 8. c4 Ba6 9. Qe4 Nf6 10. Qe2 Nd5 11. g3 Qb4+ 12. Nd2 Rb8 13. Qe4 Nb6 14. Bd3 g6 15. 0-0 Bg7 16. a3 Qe7 17. Rb1 0-0 18. f4 f5 19. Qf3 Qc5+ 20. Qf2 Qxf2+ 21. Kxf2 d6 22. exd6 cxd6 23. b4 d5 24. b5 dxc4 25. Bxc4+ Nxc4 26. bxa6 Rxb1 27. Nxb1 Rb8 28. Nd2 Nxd2 29. Bxd2 Bd4+ 30. Ke2 Rb6 31. Kd3 c5 32. a4 Kf7 33. a5 Rxa6 34. Rb1 Ke6 35. Kc4 Rd6 36. Bc3 Bxc3 37. Kxc3 Kd5 38. Rb7 Ra6 39. Rxh7 Rxa5 40. Rd7+ Kc6 41. Rg7 Ra2 42. Kc4 Rc2+ 43. Kd3 Rxh2 44. Rxa7 Kd5 45. Rd7+ Ke6 46. Rg7 Kf6 47. Rc7 Rg2 48. Rxc5 Rxg3+ 49. Ke2 Kg7 50. Kf2 Ra3 51. Rc8 Kh7 52. Rb8 Kh6 53. Rh8+ Kg7 54. Rc8 Rb3 55. Ra8 Rb6 56. Kf3 Rd6 57. Rb8 Kf6 58. Rb3 Rd8 59. Rb7 Rd3+ 60. Kf2 Rd6 61. Rb3 Ke6 62. Kf3 Kd5 63. Rb8 Kd4 64. Ra8 Kc4 65. Rc8+ Kd4 66. Ra8 Rc6 67. Rd8+ Kc5 68. Rg8 Kd5 69. Rd8+ Rd6 70. Rc8 Rc6 71. Rd8+ Ke6 72. Rd3 Rc1 73. Ra3 Rf1+ 74. Ke3 Rh1 75. Ra6+ Kf7 76. Kf3 Rh3+ 77. Kf2 Kg7 78. Ra8 Rh1 79. Rb8 Rc1 80. Ra8 Rc3 81. Rb8 Kf7 82. Ra8 Ke6 83. Ra6+ Kd5 84. Rxg6 Ke4 85. Ra6 Kxf4 86. Ra4+ Kg5 87. Rb4 Rh3 88. Kg2 Re3 89. Kf2 Rd3 90. Ra4 Rd6 91. Ra3 Kg4 92. Rb3 f4 93. Ra3 Rd2+ 94. Kf1 Rh2 95. Rb3 Ra2 96. Rc3 Ra5 97. Kf2 Rh5 98. Ra3 Rh1 99. Ra5 Rh4 100. Ra3 Rh5 101. Rb3 Rh2+ 102. Kf1 f3 103. Rb8 Rh4 104. Rb4+ Kg3 105. Rxh4 Kxh4 106. Kf2 Kg4 107. Kf1 Kf4 108. Kf2 Ke4 109. Kf1 Ke3 110. Ke1 Kf4 111. Kf2 Kg4 112. Kf1 Kg3 113. Kg1 f2+ 114. Kf1 Kh2 115. Kxf2 1/2-1/2

[Event "EU-Cup 25th"]
[Site "Ohrid"]
[Date "2009.10.10"]
[Round "7.6"]
[White "Dambrauskas, Virginijus A"]
[Black "Kodentsov, Grigori"]
[Result "1/2-1/2"]
[WhiteElo "2346"]
[BlackElo "2276"]
[PlyCount "124"]
[EventDate "2009.10.04"]
[EventType "team-swiss"]
[EventRounds "7"]
[EventCountry "MKD"]
[SourceTitle "CBM 133"]
[Source "ChessBase"]
[SourceDate "2009.11.19"]
[SourceVersion "1"]
[SourceVersionDate "2009.11.19"]
[SourceQuality "1"]
[WhiteTeam "Vilnius"]
[BlackTeam "Utrecht"]
[WhiteTeamCountry "LTU"]
[BlackTeamCountry "NED"]

1. d4 Nf6 2. c4 g6 3. Nc3 Bg7 4. e4 d6 5. Be2 0-0 6. g4 c5 7. g5 Nfd7 8. d5 a6 9. a4 b5 10. axb5 Nb6 11. Nf3 e6 12. Bf4 Re8 13. Nd2 Bd4 14. h4 exd5 15. cxd5 f5 16. f3 Rf8 17. Bg3 f4 18. Bf2 Be5 19. Nc4 Nxc4 20. Bxc4 Rf7 21. Ra3 Rfa7 22. Qa1 Qc7 23. bxa6 Bxa6 24. Bxa6 Rxa6 25. Rxa6 Rxa6 26. Qc1 Nd7 27. 0-0 Nb6 28. Be1 Qd7 29. Kg2 Nc4 30. Bd2 Rb6 31. Bxf4 Rxb2+ 32. Kg3 Qg7 33. Nd1 Nd2 34. Nxb2 Nxf1+ 35. Qxf1 Bxf4+ 36. Kxf4 Qxb2 37. Qa6 Qh2+ 38. Ke3 Qg1+ 39. Kd2 Qf2+ 40. Qe2 Qd4+ 41. Qd3 Qf2+ 42. Kc3 Qxh4 43. Qe3 Qh1 44. Kc4 Qb1 45. Qb3 Qf1+ 46. Qd3 Qc1+ 47. Kb5 Qxg5 48. Qc3 Qd8 49. e5 Qb8+ 50. Kc6 dxe5 51. Qxc5 Kf7 52. Qb6 Qe8+ 53. Kc5 Qd7 54. d6 h5 55. Qb3+ Kf6 56. Qb5 Ke6 57. Qb3+ Kf6 58. Qb8 h4 59. Qh8+ Ke6 60. Qg8+ Kf6 61. Qf8+ Ke6 62. Qg8+ Kf6 1/2-1/2

[Event "EU-Cup 25th"]
[Site "Ohrid"]
[Date "2009.10.07"]
[Round "4.6"]
[White "Amonatov, Farrukh"]
[Black "Kodentsov, Grigori"]
[Result "1-0"]
[WhiteElo "2643"]
[BlackElo "2276"]
[PlyCount "87"]
[EventDate "2009.10.04"]
[EventType "team-swiss"]
[EventRounds "7"]
[EventCountry "MKD"]
[SourceTitle "CBM 133"]
[Source "ChessBase"]
[SourceDate "2009.11.19"]
[SourceVersion "1"]
[SourceVersionDate "2009.11.19"]
[SourceQuality "1"]
[WhiteTeam "Tomsk 400"]
[BlackTeam "Utrecht"]
[WhiteTeamCountry "RUS"]
[BlackTeamCountry "NED"]

1. e4 c5 2. Nf3 d6 3. d4 cxd4 4. Nxd4 Nf6 5. Nc3 a6 6. h3 e6 7. g4 b5 8. g5 Nfd7 9. Be3 Bb7 10. f3 b4 11. Na4 Nc6 12. Qd2 Be7 13. 0-0-0 Qa5 14. b3 Nc5 15. Nxc6 Bxc6 16. Nxc5 dxc5 17. a4 0-0 18. Bc4 Rfd8 19. Qe2 Rxd1+ 20. Rxd1 Qb6 21. h4 a5 22. h5 Rd8 23. Rg1 Qc7 24. Kb1 Qe5 25. Bd3 Qc3 26. Bc1 Qd4 27. Rg2 Kf8 28. Bb2 Qd7 29. g6 fxg6 30. hxg6 h6 31. Qe3 Qd6 32. f4 Bb7 33. Rf2 Ba6 34. Bxa6 Qxa6 35. f5 exf5 36. exf5 Qd6 37. f6 gxf6 38. Qxh6+ Ke8 39. Qh7 Qd5 40. Rf1 Qe6 41. g7 Kd7 42. Rd1+ Kc7 43. Rxd8 Kxd8 44. g8Q+ 1-0

[Event "Dieren op"]
[Site "Dieren"]
[Date "2009.07.27"]
[Round "6"]
[White "Brandenburg, Daan"]
[Black "Kodentsov, Grigori"]
[Result "1-0"]
[WhiteElo "2463"]
[BlackElo "2279"]
[PlyCount "99"]
[EventDate "2009.07.21"]
[EventType "swiss"]
[EventRounds "9"]
[EventCountry "NED"]
[SourceTitle "CBM 131 Extra"]
[Source "ChessBase"]
[SourceDate "2009.09.03"]
[SourceVersion "2"]
[SourceVersionDate "2009.09.16"]
[SourceQuality "1"]

1. e4 c5 2. Nf3 d6 3. d4 cxd4 4. Nxd4 Nf6 5. Nc3 a6 6. Bg5 e6 7. f4 Qb6 8. Qd3 Qxb2 9. Rb1 Qa3 10. f5 Be7 11. Be2 Nc6 12. fxe6 fxe6 13. Nxc6 bxc6 14. 0-0 Qa5 15. Bxf6 gxf6 16. Bg4 Rg8 17. Bh3 Rg5 18. Ne2 Qc5+ 19. Kh1 a5 20. c4 h5 21. Nd4 e5 22. Ne6 Bxe6 23. Bxe6 Qa7 24. Qf3 h4 25. Qh3 Rb8 26. Qxh4 Bf8 27. Qh8 Rxb1 28. Rxb1 Rg7 29. c5 dxc5 30. Rd1 Qc7 31. Qh5+ Ke7 32. Rd7+ Qxd7 33. Bxd7 Kxd7 34. Qf5+ Ke7 35. Qc8 Kf7 36. Qxc6 Be7 37. Qd5+ Kf8 38. Qa8+ Kf7 39. Qxa5 Rg4 40. Qd2 f5 41. Qd5+ Ke8 42. exf5 Rd4 43. Qg8+ Bf8 44. g4 e4 45. f6 Rd1+ 46. Kg2 Rd2+ 47. Kf1 Rxh2 48. Qe6+ Kd8 49. Qd5+ Kc8 50. Qa8+ 1-0

[Event "Dieren op"]
[Site "Dieren"]
[Date "2009.07.22"]
[Round "2"]
[White "Miedema, David"]
[Black "Kodentsov, Grigori"]
[Result "1-0"]
[WhiteElo "2432"]
[BlackElo "2279"]
[PlyCount "73"]
[EventDate "2009.07.21"]
[EventType "swiss"]
[EventRounds "9"]
[EventCountry "NED"]
[SourceTitle "CBM 131 Extra"]
[Source "ChessBase"]
[SourceDate "2009.09.03"]
[SourceVersion "2"]
[SourceVersionDate "2009.09.16"]
[SourceQuality "1"]

1. d4 Nf6 2. c4 g6 3. Nc3 Bg7 4. e4 d6 5. f3 0-0 6. Be3 Nc6 7. Nge2 a6 8. Qd2 Rb8 9. Rc1 Bd7 10. Nd1 e6 11. Nf2 Ne7 12. g3 Ne8 13. Bg2 b5 14. c5 b4 15. 0-0 Bb5 16. Rfd1 Nc6 17. d5 Ne5 18. Nd4 exd5 19. exd5 dxc5 20. Nxb5 Rxb5 21. Rxc5 Nd6 22. Rxb5 Nec4 23. Bg5 Qa8 24. Qc1 Bxb2 25. Qf4 axb5 26. Ng4 f5 27. Nh6+ Kg7 28. Qh4 Qa7+ 29. Kh1 Re8 30. g4 Qa4 31. Re1 Qxa2 32. Be7 Bc3 33. gxf5 Qd2 34. Rg1 Bd4 35. f6+ Kh8 36. f7 Nxf7 37. Qf6+ 1-0

[Event "Paleochora op 1st"]
[Site "Paleochora"]
[Date "2008.07.22"]
[Round "3"]
[White "Kodentsov, Grigori"]
[Black "Meijers, Viesturs"]
[Result "1/2-1/2"]
[WhiteElo "2285"]
[BlackElo "2496"]
[PlyCount "51"]
[EventDate "2008.07.21"]
[EventType "swiss"]
[EventRounds "9"]
[EventCountry "GRE"]
[SourceTitle "CBM 125 Extra"]
[Source "ChessBase"]
[SourceDate "2008.09.01"]
[SourceVersion "1"]
[SourceVersionDate "2008.09.01"]
[SourceQuality "1"]

1. e4 c5 2. Nf3 b6 3. d4 cxd4 4. Nxd4 Bb7 5. Nc3 a6 6. Be3 e6 7. Qd2 b5 8. f3 Nc6 9. 0-0-0 Rc8 10. Nxc6 Rxc6 11. Ne2 Nf6 12. Nd4 Rc8 13. g4 Bc5 14. Nb3 Bxe3 15. Qxe3 Qc7 16. Bd3 d5 17. e5 Nd7 18. Rhe1 b4 19. Kb1 Nc5 20. Nxc5 Qxc5 21. Qg5 g6 22. f4 Qe7 23. Qh6 Qf8 24. Qg5 Qe7 25. Qh6 Qf8 26. Qg5 1/2-1/2

[Event "Groningen Atlantis-A"]
[Site "Groningen"]
[Date "2008.07.04"]
[Round "9"]
[White "Kodentsov, Grigori"]
[Black "Pel, Bonno"]
[Result "0-1"]
[WhiteElo "2285"]
[BlackElo "2288"]
[PlyCount "142"]
[EventDate "2008.06.27"]
[EventType "tourn"]
[EventRounds "9"]
[EventCountry "NED"]
[EventCategory "5"]
[SourceTitle "CBM 125 Extra"]
[Source "ChessBase"]
[SourceDate "2008.09.01"]
[SourceVersion "1"]
[SourceVersionDate "2008.09.01"]
[SourceQuality "1"]

1. e4 d6 2. d4 g6 3. Nc3 Bg7 4. f4 a6 5. Nf3 b5 6. Bd3 Nd7 7. e5 c5 8. Be4 Rb8 9. 0-0 b4 10. Ne2 Nh6 11. c3 0-0 12. Ng3 Qb6 13. Kh1 Bb7 14. Bxb7 Rxb7 15. Qe2 bxc3 16. bxc3 dxe5 17. dxe5 Qb5 18. c4 Qc6 19. Bb2 Rfb8 20. Bc3 Nf8 21. Nd2 f5 22. Nb3 Rd7 23. Rad1 Rbd8 24. Ba5 Rxd1 25. Rxd1 Rxd1+ 26. Qxd1 Ne6 27. Qd5 Qxd5 28. cxd5 Nxf4 29. Nxc5 Nxd5 30. Nxa6 Bxe5 31. Nb4 Nxb4 32. Bxb4 Kf7 33. Bc5 Ke6 34. a4 Bd6 35. Bb6 Kd5 36. Ne2 Ng4 37. a5 Kc6 38. Nd4+ Kb7 39. Ne6 Nf6 40. h3 Nd5 41. Bf2 Bb4 42. Nf8 e5 43. Nxh7 e4 44. Ng5 Bxa5 45. g4 Bd2 46. Nf7 e3 47. Bxe3 Nxe3 48. gxf5 Nxf5 49. Ne5 Nh4 50. Kg1 Be3+ 51. Kf1 Bf4 52. Nf7 Kc6 53. Ke2 Kd7 54. Nh8 Ke6 55. Nxg6 Nxg6 56. Kd3 Nh4 57. Kd4 Be5+ 58. Kc5 Bf6 59. Kc6 Bd4 60. Kc7 Kd5 61. Kb7 Kd6 62. Kc8 Bb6 63. Kb7 Bc7 64. Kc8 Nf5 65. Kb7 Kd7 66. h4 Nd6+ 67. Ka7 Kc6 68. h5 Nc8+ 69. Ka8 Kb6 70. h6 Ka6 71. h7 Nb6# 0-1

[Event "Groningen Atlantis-A"]
[Site "Groningen"]
[Date "2008.06.28"]
[Round "2"]
[White "Kodentsov, Grigori"]
[Black "Geirnaert, Steven"]
[Result "1-0"]
[WhiteElo "2275"]
[BlackElo "2324"]
[PlyCount "95"]
[EventDate "2008.06.27"]
[EventType "tourn"]
[EventRounds "9"]
[EventCountry "NED"]
[EventCategory "5"]
[SourceTitle "CBM 125 Extra"]
[Source "ChessBase"]
[SourceDate "2008.09.01"]
[SourceVersion "1"]
[SourceVersionDate "2008.09.01"]
[SourceQuality "1"]

1. e4 d5 2. exd5 Qxd5 3. Nc3 Qa5 4. d4 c6 5. Nf3 Nf6 6. Bc4 Bf5 7. Bd2 e6 8. Nd5 Qd8 9. Nxf6+ gxf6 10. Bb3 Nd7 11. Nh4 Bg6 12. Qf3 Nb6 13. 0-0-0 Be7 14. g3 a5 15. a4 Nd5 16. c4 Nb4 17. Nxg6 hxg6 18. Bxb4 axb4 19. d5 cxd5 20. cxd5 e5 21. d6 Bxd6 22. Qd5 Qc7+ 23. Kb1 Rd8 24. h4 Bc5 25. Qc4 Rxd1+ 26. Rxd1 0-0 27. h5 Kg7 28. Qg4 f5 29. Qc4 Qe7 30. hxg6 fxg6 31. Qb5 Bd4 32. f4 Rc8 33. Ka2 Rc6 34. Qd5 Rd6 35. Qg8+ Kf6 36. Qh8+ Qg7 37. fxe5+ Bxe5 38. Qh4+ g5 39. Rxd6+ Bxd6 40. Qd4+ Be5 41. Qb6+ Ke7 42. Qxb7+ Kd8 43. Qd5+ Kc7 44. Qc5+ Kd8 45. Be6 Bxb2 46. Qc8+ Ke7 47. Qd7+ Kf6 48. Qxg7+ 1-0

[Event "Groningen Harmonie op-A"]
[Site "Groningen"]
[Date "2007.12.29"]
[Round "8"]
[White "Kodentsov, Grigori"]
[Black "Pel, Bonno"]
[Result "0-1"]
[WhiteElo "2307"]
[BlackElo "2280"]
[PlyCount "64"]
[EventDate "2007.12.21"]
[EventType "swiss"]
[EventRounds "9"]
[EventCountry "NED"]
[SourceTitle "CBM 121 Extra"]
[Source "ChessBase"]
[SourceDate "2008.01.10"]
[SourceVersion "1"]
[SourceVersionDate "2008.01.10"]
[SourceQuality "1"]

1. e4 d6 2. d4 g6 3. Nc3 Bg7 4. f4 a6 5. Nf3 b5 6. Bd3 Nd7 7. e5 c5 8. Be4 Rb8 9. Be3 b4 10. Ne2 Qc7 11. c3 bxc3 12. bxc3 Nh6 13. 0-0 0-0 14. h3 Bb7 15. Ng3 Nb6 16. dxc5 Nc4 17. cxd6 exd6 18. exd6 Nxd6 19. Bxb7 Nhf5 20. Nxf5 Nxf5 21. Bf2 Rxb7 22. Qa4 a5 23. Rab1 Rxb1 24. Rxb1 Qxc3 25. Qe4 Rc8 26. Rd1 Bf8 27. Qb7 Qc2 28. Re1 Bb4 29. Rf1 Nd6 30. Qd7 Qxa2 31. Ng5 Qd5 32. Re1 Bxe1 0-1

[Event "Groningen Harmonie op-A"]
[Site "Groningen"]
[Date "2007.12.28"]
[Round "7"]
[White "Wielenga, Wiebe"]
[Black "Kodentsov, Grigori"]
[Result "0-1"]
[WhiteElo "2118"]
[BlackElo "2307"]
[PlyCount "56"]
[EventDate "2007.12.21"]
[EventType "swiss"]
[EventRounds "9"]
[EventCountry "NED"]
[SourceTitle "CBM 121 Extra"]
[Source "ChessBase"]
[SourceDate "2008.01.10"]
[SourceVersion "1"]
[SourceVersionDate "2008.01.10"]
[SourceQuality "1"]

1. e4 e5 2. Nf3 Nc6 3. Nc3 Nf6 4. g3 d5 5. exd5 Nxd5 6. Bg2 Nxc3 7. bxc3 Bd6 8. 0-0 0-0 9. d3 h6 10. Rb1 Rb8 11. Re1 Bg4 12. h3 Bd7 13. Bd2 b5 14. d4 Re8 15. Qc1 Qf6 16. Be3 a6 17. d5 Na5 18. Nd2 Qg6 19. Ne4 Nc4 20. Nc5 Bf5 21. Re2 h5 22. a4 bxa4 23. Ra1 a3 24. Nxa6 Rb2 25. Nb4 Bxb4 26. cxb4 Bxc2 27. Re1 Bd3 28. Rxa3 Rb1 0-1

[Event "Groningen Harmonie op-A"]
[Site "Groningen"]
[Date "2007.12.23"]
[Round "3"]
[White "Kodentsov, Grigori"]
[Black "Goudriaan, Etienne"]
[Result "0-1"]
[WhiteElo "2307"]
[BlackElo "2123"]
[PlyCount "80"]
[EventDate "2007.12.21"]
[EventType "swiss"]
[EventRounds "9"]
[EventCountry "NED"]
[SourceTitle "CBM 121 Extra"]
[Source "ChessBase"]
[SourceDate "2008.01.10"]
[SourceVersion "1"]
[SourceVersionDate "2008.01.10"]
[SourceQuality "1"]

1. e4 c5 2. Nf3 d6 3. d4 cxd4 4. Nxd4 Nf6 5. Nc3 a6 6. Bc4 e6 7. Bb3 Be7 8. g4 h6 9. Rg1 b5 10. Qe2 b4 11. Na4 d5 12. e5 Ne4 13. Be3 Bd7 14. 0-0-0 Qa5 15. Nb6 Qxb6 16. Nxe6 Qxe3+ 17. fxe3 fxe6 18. Rxd5 exd5 19. Bxd5 Bc6 20. Qc4 Nc5 21. Bf7+ Kd8 22. Rd1+ Kc7 23. e6 a5 24. Qd4 Nba6 25. Qxg7 Kb6 26. Bg6 Bg5 27. Qe5 Nc7 28. e7 N7e6 29. Bf7 Rhe8 30. Bxe8 Rxe8 31. Rd6 Bxe7 32. Rxe6 Nxe6 33. Qxe6 Bg5 34. Qd6 Rxe3 35. Qb8+ Ka6 36. Qc8+ Bb7 37. Qc4+ Ka7 38. Qc5+ Kb8 39. Qd6+ Ka8 40. Kd1 Bf3+ 0-1

[Event "Hoogeveen Essent op"]
[Site "Hoogeveen"]
[Date "2007.10.18"]
[Round "7"]
[White "Kodentsov, Grigori"]
[Black "Ris, Robert"]
[Result "1-0"]
[WhiteElo "2307"]
[BlackElo "2381"]
[PlyCount "109"]
[EventDate "2007.10.12"]
[EventType "swiss"]
[EventRounds "9"]
[EventCountry "NED"]
[SourceTitle "CBM 120 Extra"]
[Source "ChessBase"]
[SourceDate "2007.11.01"]
[SourceVersion "1"]
[SourceVersionDate "2007.11.01"]
[SourceQuality "1"]

1. e4 e5 2. Nf3 Nc6 3. Bb5 a6 4. Ba4 Nf6 5. 0-0 b5 6. Bb3 Bc5 7. c3 d6 8. a4 Rb8 9. d4 Bb6 10. Na3 0-0 11. axb5 axb5 12. Nxb5 Bg4 13. Be3 exd4 14. cxd4 Nxe4 15. Qc2 Qe8 16. Ba4 Bd7 17. Rfe1 Nb4 18. Qc4 Ba5 19. Nc3 Nxc3 20. Bxd7 Qxd7 21. bxc3 d5 22. Ne5 Qf5 23. Qe2 Nc2 24. g4 Qe4 25. f3 Qxe3+ 26. Qxe3 Nxe3 27. Rxa5 Nc4 28. Nxc4 dxc4 29. Kf2 Rb3 30. Re3 h6 31. Rc5 Ra8 32. Rxc4 Ra2+ 33. Re2 Raa3 34. Rxc7 Rxc3 35. Rxc3 Rxc3 36. Re8+ Kh7 37. h4 Kg6 38. Kg3 Rd3 39. Rd8 Kf6 40. Kf4 Ke7 41. Rd5 Ke6 42. Re5+ Kd6 43. Ke4 Rd1 44. Ra5 Rf1 45. Ra7 Ke6 46. d5+ Kf6 47. Ra6+ Ke7 48. h5 Rd1 49. Ke5 Re1+ 50. Kf5 Rd1 51. Ra7+ Ke8 52. Ke5 Rb1 53. Kd6 Rb8 54. Re7+ Kf8 55. Re3 1-0

[Event "Hoogeveen Essent op"]
[Site "Hoogeveen"]
[Date "2007.10.15"]
[Round "4"]
[White "Grooten, Herman"]
[Black "Kodentsov, Grigori"]
[Result "1-0"]
[WhiteElo "2350"]
[BlackElo "2307"]
[PlyCount "119"]
[EventDate "2007.10.12"]
[EventType "swiss"]
[EventRounds "9"]
[EventCountry "NED"]
[SourceTitle "CBM 120 Extra"]
[Source "ChessBase"]
[SourceDate "2007.11.01"]
[SourceVersion "1"]
[SourceVersionDate "2007.11.01"]
[SourceQuality "1"]

1. d4 Nf6 2. c4 g6 3. Nc3 Bg7 4. e4 d6 5. Nf3 0-0 6. Be2 e5 7. Be3 Ng4 8. Bg5 f6 9. Bh4 g5 10. Bg3 Nh6 11. d5 Nd7 12. Nd2 f5 13. exf5 Nf6 14. Nde4 Nxe4 15. Nxe4 Bxf5 16. Bd3 g4 17. Qc2 Kh8 18. 0-0-0 a6 19. Kb1 Bd7 20. Qe2 Nf5 21. h3 Nd4 22. Qd2 gxh3 23. f4 b5 24. c5 dxc5 25. fxe5 Bg4 26. Rc1 c4 27. Bxc4 bxc4 28. Qxd4 hxg2 29. Rh2 Bf3 30. Qxc4 Qe8 31. Rh4 Qg6 32. Bh2 Rab8 33. a3 Rf5 34. Qd4 Re8 35. Rxc7 Bxe4+ 36. Qxe4 Rf1+ 37. Ka2 Qxe4 38. Rxe4 Rh1 39. Rg4 Rxh2 40. Rcxg7 h5 41. Rxg2 Rxe5 42. Rg8+ Kh7 43. R2g7+ Kh6 44. Rg6+ Kh7 45. R8g7+ Kh8 46. Rd7 h4 47. Rxa6 Re8 48. Rh6+ Kg8 49. Rb7 h3 50. d6 Rd8 51. Rb3 Kf7 52. Rh7+ Ke6 53. Rhxh3 Rc2 54. Rh6+ Kd5 55. d7 Re2 56. Rb7 Rf8 57. a4 Ra8 58. Rb5+ Kc4 59. Rh4+ Kd3 60. Rd5+ 1-0

[Event "Hoogeveen Essent op"]
[Site "Hoogeveen"]
[Date "2007.10.13"]
[Round "2"]
[White "Pijpers, Arthur"]
[Black "Kodentsov, Grigori"]
[Result "1/2-1/2"]
[WhiteElo "2000"]
[BlackElo "2307"]
[PlyCount "93"]
[EventDate "2007.10.12"]
[EventType "swiss"]
[EventRounds "9"]
[EventCountry "NED"]
[SourceTitle "CBM 120 Extra"]
[Source "ChessBase"]
[SourceDate "2007.11.01"]
[SourceVersion "1"]
[SourceVersionDate "2007.11.01"]
[SourceQuality "1"]

1. e4 g6 2. d4 Bg7 3. Nc3 c6 4. Be3 d5 5. f3 dxe4 6. fxe4 e5 7. d5 Nf6 8. Nf3 Ng4 9. Bg1 0-0 10. h3 Nf6 11. Qd2 cxd5 12. exd5 e4 13. Nh2 Nh5 14. Bc5 Ng3 15. Rg1 Re8 16. 0-0-0 Nf5 17. g4 e3 18. Qd3 Qc7 19. Qb5 Bd7 20. d6 Qc8 21. Qc4 Nh4 22. Bd4 Qxc4 23. Bxc4 Bxd4 24. Rxd4 Nc6 25. Re4 Kg7 26. Re1 f5 27. R4xe3 Rxe3 28. Rxe3 f4 29. Re1 Rf8 30. Ne4 Ng2 31. Re2 Ne3 32. Bb3 Ne5 33. Nc5 Rd8 34. Ba4 b5 35. Bxb5 Bxb5 36. Rxe3 fxe3 37. Ne6+ Kf6 38. Nxd8 Bd7 39. Nb7 Kg5 40. Kd1 Kf4 41. Ke1 Kg3 42. Nf1+ Kf3 43. Nc5 Bb5 44. c4 Nxc4 45. d7 Bxd7 46. Nxd7 e2 47. Nh2+ 1/2-1/2

[Event "Arnhem op"]
[Site "Arnhem"]
[Date "2007.09.01"]
[Round "3"]
[White "Kodentsov, Grigori"]
[Black "Bosch van Rosenthal, Jeroen"]
[Result "1-0"]
[WhiteElo "2299"]
[BlackElo "2070"]
[PlyCount "33"]
[EventDate "2007.08.31"]
[EventType "swiss"]
[EventRounds "6"]
[EventCountry "NED"]
[SourceTitle "EXT 2008"]
[Source "ChessBase"]
[SourceDate "2007.11.25"]
[SourceVersion "1"]
[SourceVersionDate "2007.11.25"]
[SourceQuality "1"]

1. e4 e6 2. d4 d5 3. Nc3 dxe4 4. Nxe4 Nf6 5. Nxf6+ gxf6 6. Be3 b6 7. Qf3 c6 8. Nh3 Bb7 9. Nf4 Nd7 10. 0-0-0 Qe7 11. Kb1 0-0-0 12. Qh3 f5 13. Be2 Nf6 14. Rhe1 Nd5 15. Nxd5 cxd5 16. Bf4 Bg7 17. Qc3+ 1-0

[Event "Tilburg op"]
[Site "Tilburg"]
[Date "2007.08.19"]
[Round "5"]
[White "Peek, Maurice"]
[Black "Kodentsov, Grigori"]
[Result "1-0"]
[WhiteElo "2383"]
[BlackElo "2299"]
[PlyCount "108"]
[EventDate "2007.08.17"]
[EventType "swiss"]
[EventRounds "6"]
[EventCountry "NED"]
[SourceTitle "EXT 2010"]
[Source "ChessBase"]
[SourceDate "2010.11.25"]
[SourceVersion "1"]
[SourceVersionDate "2010.11.25"]
[SourceQuality "1"]

1. d4 Nf6 2. c4 g6 3. Nc3 Bg7 4. e4 d6 5. Nf3 0-0 6. h3 e5 7. d5 Na6 8. Bg5 h6 9. Be3 Nc5 10. Nd2 a5 11. a3 Nh5 12. b4 axb4 13. axb4 Rxa1 14. Qxa1 Na6 15. Qa3 f5 16. Nf3 Nf4 17. b5 Nb8 18. c5 Nd7 19. cxd6 cxd6 20. Nd2 Nf6 21. g3 N4h5 22. Nc4 Ne8 23. Qa8 f4 24. Bb6 Nc7 25. Qb8 fxg3 26. Qxc7 gxf2+ 27. Kd2 Qxc7 28. Bxc7 Ng3 29. Bxd6 Rf7 30. Nxe5 Bxe5 31. Bxe5 Nxh1 32. d6 Be6 33. Na4 Rf3 34. Nc5 Kf7 35. Ke2 Ra3 36. d7 Ra2+ 37. Kf3 Rd2 38. Kg2 Rd1 39. Bh2 b6 40. Nxe6 Kxe6 41. d8Q Rxd8 42. Kxh1 Rd4 43. e5 h5 44. Kg2 g5 45. Kxf2 Rd2+ 46. Be2 h4 47. Ke3 Rb2 48. Bc4+ Ke7 49. Bg1 Rg2 50. Bf2 Rh2 51. Bf1 Rh1 52. Ke2 Ke6 53. Bxb6 Rh2+ 54. Kf3 Rb2 1-0

[Event "Groningen Atlantis"]
[Site "Groningen"]
[Date "2007.06.14"]
[Round "6"]
[White "Bedouin, Xavier"]
[Black "Kodentsov, Grigori"]
[Result "1-0"]
[WhiteElo "2328"]
[BlackElo "2295"]
[PlyCount "91"]
[EventDate "2007.06.10"]
[EventType "tourn"]
[EventRounds "9"]
[EventCountry "NED"]
[EventCategory "4"]
[SourceTitle "CBM 118 Extra"]
[Source "ChessBase"]
[SourceDate "2007.07.04"]
[SourceVersion "1"]
[SourceVersionDate "2007.07.04"]
[SourceQuality "1"]

1. e4 e5 2. Nf3 Nc6 3. d4 exd4 4. Nxd4 Nf6 5. Nxc6 bxc6 6. e5 Qe7 7. Qe2 Nd5 8. c4 Nb6 9. Nc3 a5 10. Bd2 Ba6 11. b3 g6 12. Ne4 Bg7 13. Nf6+ Kf8 14. Qe3 d6 15. f4 Bxf6 16. exf6 Qxe3+ 17. Bxe3 c5 18. f5 Re8 19. Kd2 Re5 20. Bd3 gxf5 21. Bf4 Bc8 22. Rhf1 Re4 23. Bh6+ Ke8 24. Bxe4 fxe4 25. Rf4 Bb7 26. Bg7 Rg8 27. Rh4 Nd7 28. Rxh7 c6 29. Re1 d5 30. Rh5 Nf8 31. Re5+ Ne6 32. h4 Kd7 33. h5 Nxg7 34. Rg5 Nxh5 35. Rxg8 Nxf6 36. Rf8 Bc8 37. Rf1 Ne8 38. R1xf7+ Kd8 39. Ra7 Bd7 40. Rxa5 Ke7 41. Ra7 Kxf8 42. Rxd7 Nf6 43. Rc7 d4 44. Rxc6 e3+ 45. Ke2 Nh5 46. Kf3 1-0

[Event "Groningen Atlantis"]
[Site "Groningen"]
[Date "2007.06.11"]
[Round "2"]
[White "Kodentsov, Grigori"]
[Black "Hoeksema, Hendrik Pieter"]
[Result "1/2-1/2"]
[WhiteElo "2295"]
[BlackElo "2369"]
[PlyCount "43"]
[EventDate "2007.06.10"]
[EventType "tourn"]
[EventRounds "9"]
[EventCountry "NED"]
[EventCategory "4"]
[SourceTitle "CBM 118 Extra"]
[Source "ChessBase"]
[SourceDate "2007.07.04"]
[SourceVersion "1"]
[SourceVersionDate "2007.07.04"]
[SourceQuality "1"]

1. e4 c6 2. d4 d5 3. Nc3 dxe4 4. Nxe4 Bf5 5. Ng3 Bg6 6. h4 h6 7. Nf3 Nf6 8. h5 Bh7 9. Bd3 Bxd3 10. Qxd3 e6 11. Bd2 c5 12. 0-0-0 Nc6 13. Bc3 Qc7 14. dxc5 Bxc5 15. Bxf6 gxf6 16. Ne4 Be7 17. Kb1 Rd8 18. Qc3 Rxd1+ 19. Rxd1 Qf4 20. Nc5 Bxc5 21. Qxc5 Qb4 22. Qe3 1/2-1/2